000 00412nam a22001571a 4500
020 _a9788121506526
082 _a294.551 4
_bDNB/T
245 _aTantras:
_btheir philosophy and occult secrets/
_cby D.N.Bose (ed.)
260 _aNew Delhi:
_bMunshiram Manoharlal,
_c2004.
300 _a146p.
650 _aTantric Hinduism
650 _aHinduism
650 _aReligion
700 _aD.N.Bose (ed.)
942 _cBK
999 _c46014
_d46014